Detalles MARC
| 000 -LIDER |
| fixed length control field |
01556nam a2200337 a 4500 |
| 001 - NÚMERO DE CONTROL |
| Identificador de número de control |
0000231 |
| 003 - IDENTIFICACDOR DE NÚMERO DE CONTROL |
| control field |
DO-SdBNP |
| 005 - DATE AND TIME OF LATEST TRANSACTION |
| control field |
20160413095346.0 |
| 007 - CAMPOS FIJOS DE DESCRIPCIÓN FÍSICA |
| fixed length control field |
0000231 |
| 008 - ELEMENTOS DE LONGITUD FIJA |
| fixed length control field |
150130s2013 dr ac 000 0 spa d |
| 020 ## - ISBN |
| International Standard Book Number |
9789945174830 |
| 040 ## - FUENTE DE CATALOGACIÓN |
| Agencia que crea de manera original el registro |
BPMSU |
| Idioma de catalogación |
spa |
| Agencia que realiza la transcripción |
BPMSU |
| 092 ## - LOCALLY ASSIGNED DEWEY DECIMAL CALL NUMBER |
| Número de clasificación |
373.7 |
| Número de ítem (Cutter) |
M425a, 3ro, 2013 |
| 245 00 - MENCIÓN DE TITULO |
| Título |
Matemática 3 : |
| Subtítulo |
educación media / |
| Mención de responsabilidad |
gerencia editorial Anna Rogero Soler ; colaboración Alma De La Rosa; ilustraciones Joaquín Turina. |
| 260 ## - PUBLICACIÓN, DISTRIBUCIÓN, ETC. (PIE DE IMPRENTA) |
| Lugar de publicación, distribución, etc |
Santo Domingo : |
| Nombre del editor, distribuidor, etc. |
SM, |
| Fecha de publicación, distribución, etc |
2013. |
| 300 ## - DESCRIPCIÓN FÍSICA |
| Extensión |
311 p. |
| Otros detalles físicos |
il., retrs, |
| Dimensiones |
29 cm. + |
| Material complementario |
CD Room : |
| 490 1# - MENCIÓN DE SERIES |
| Mención de serie |
Proyecto Sé |
| 500 ## - NOTA GENERAL |
| Nota general |
Cada volumen incluye CD |
| 505 1# - NOTA DE CONTENIDO |
| Información miscelánea |
unidad 1 -- |
| Título |
Sistemas de: ecuaciones lineales e inecuaciones lineales -- |
| Información miscelánea |
unidad 2 -- |
| Título |
Vectores -- |
| Información miscelánea |
unidad 3 -- |
| Título |
Matrices y determinantes -- |
| Información miscelánea |
unidad 4 -- |
| Título |
Segmentos y ángulos en la circunferencia. Geometría analítica -- |
| Información miscelánea |
unidad 5 -- |
| Título |
Áreas de figuras planas. Áreas y volumen de sólidos -- |
| Información miscelánea |
unidad 6 -- |
| Título |
Funciones -- |
| Información miscelánea |
unidad 7 -- |
| Título |
Razones trigonométricas -- |
| Información miscelánea |
unidad 8 -- |
| Título |
Funciones trigonométricas directas e inversas -- |
| -- |
Glosario -- |
| -- |
Bibliografía -- |
| 650 ## - ENCABEZAMIENTO DE MATERIA--TEMÁTICO |
| Término temático o nombre geográfico como elemento de entrada |
MATEMÁTICA |
| Subdivisión temática general |
ENSEÑANZA SECUNDARIA |
| 650 ## - ENCABEZAMIENTO DE MATERIA--TEMÁTICO |
| Término temático o nombre geográfico como elemento de entrada |
EDUCACIÓN SECUNDARIA |
| Subdivisión temática general |
REPÚBLICA DOMINICANA |
| 650 ## - ENCABEZAMIENTO DE MATERIA--TEMÁTICO |
| Término temático o nombre geográfico como elemento de entrada |
MATEMÁTICA |
| Subdivisión temática general |
LIBROS DE TEXTOS |
| 650 ## - ENCABEZAMIENTO DE MATERIA--TEMÁTICO |
| Término temático o nombre geográfico como elemento de entrada |
MATEMÁTICA |
| Subdivisión temática general |
ESTUDIOS Y EJERCICIOS |
| 700 12 - ASIENTO SECUNDARIO -- NOMBRE PERSONAL |
| Nombre personal |
Rogero Soler, Anna |
| Mención de responsabilidad |
ed. |
| 700 12 - ASIENTO SECUNDARIO -- NOMBRE PERSONAL |
| Nombre personal |
Turina, Joaquin |
| Mención de responsabilidad |
il. |
| 700 12 - ASIENTO SECUNDARIO -- NOMBRE PERSONAL |
| Nombre personal |
Rosa, Alma De La |
| 830 #0 - ASIENTO SECUNDARIO DE SERIE--TÍTULO UNIFORME |
| Título uniforme |
Proyecto Sé |
| 910 ## - VALIDACIÓN |
| Validación |
Validado. Control de calidad MFF |
| 942 ## - ADDED ENTRY ELEMENTS (KOHA) |
| Source of classification or shelving scheme |
Dewey Decimal Classification |
| Koha item type |
Libros |
| 956 ## - LOCAL ELECTRONIC LOCATION AND ACCESS (OCLC) |
| Nombre de host |
YLOCKWARD |
| Número de acceso |
10 |